| 000 | 00548nam a22001817a 4500 | ||
|---|---|---|---|
| 999 |
_c5860 _d5860 |
||
| 003 | AR-CdUCM | ||
| 008 | 190313b ||||| |||| 00| 0 spa d | ||
| 040 |
_aMUNICIPALIDAD PROVINCIAL DEL CUSCO _cBIBLIOTECA MUNICIPAL DEL CUSCO |
||
| 082 |
_a869.56 / _bR15 |
||
| 100 |
_aRáez Mendiola, Enrique _917320 |
||
| 245 | _aEl canto de los siempre vivos y otras obras de teatro / | ||
| 260 |
_bCONCYTEC, _c1989. |
||
| 300 |
_a86 páginas ; _c20 cm. |
||
| 650 |
_aTeatro peruano _92697 |
||
| 650 |
_aColecciones _9607 |
||
| 942 |
_2ddc _cLIBROS |
||
| 945 | _azta | ||